00637nab a2200193 uc450000100070000000500170000700800410002403500110006503500210007604000130009704100080011010000290011824500480014765000250019565000750022065000310029565000320032677300850035871912620241127090909.0020212s1997 spa  a719126 a(OCoLC)819932141 ccomduadb aspa10aSarlo, Beatriz4auteaut10aDel plano a la esfera: libros e hipertextos aTecnología digital aInnovaciones tecnológicas de la información y de la comunicación aTecnología informática 7aSistemas hipertexto2armarc0 tPalabra Clave (Bogotá)gNo. 02, Nov. 1997, p. 47-53w710516x0122-82850225329